[Event "AUT-chT2W 2122"]
[Site "Austria"]
[Date "2022.02.20"]
[Round "5.3"]
[White "Wohlfahrt, Herbert J"]
[Black "Hamzic, Vahidin"]
[Result "1/2-1/2"]
[WhiteElo "2311"]
[BlackElo "2015"]
[PlyCount "120"]
[EventDate "2021.10.15"]
[EventType "team-tourn"]
[EventRounds "11"]
[EventCountry "AUT"]
[SourceTitle "EXT 2023"]
[Source "ChessBase"]
[SourceDate "2022.10.05"]
[SourceVersion "1"]
[SourceVersionDate "2022.10.05"]
[SourceQuality "1"]
[WhiteTeam "Schach ohne Grenzen"]
[BlackTeam "Schwarzach"]
[WhiteTeamCountry "AUT"]
[BlackTeamCountry "AUT"]

1. Nf3 Nf6 2. g3 b6 3. Bg2 Bb7 4. c4 g6 5. b3 Bg7 6. Bb2 0-0 7. 0-0 e6 8. d3 a5 9. e4 d6 10. Nc3 Nc6 11. d4 Nb4 12. a3 Na6 13. Re1 Nd7 14. Qc2 e5 15. Rad1 exd4 16. Nxd4 Nac5 17. Nd5 Re8 18. b4 axb4 19. axb4 Ne6 20. Nb3 Ra2 21. Nc3 Ra8 22. f4 Qc8 23. Qd2 Nb8 24. f5 Nf8 25. c5 dxc5 26. bxc5 Nc6 27. cxb6 Ne5 28. Ba1 cxb6 29. Nb5 Rd8 30. Nd6 Qc7 31. Qc3 Qxc3 32. Bxc3 Ba6 33. Rd5 Nd3 34. Bxg7 Nxe1 35. Bf6 Nxg2 36. Nxf7 Kxf7 37. Rxd8 Rxd8 38. Bxd8 Ne1 39. Bxb6 Nd7 40. Bd4 Nf3+ 41. Kg2 Nxd4 42. Nxd4 Bb7 43. fxg6+ hxg6 44. Kf3 Nf6 45. Kf4 Nxe4 46. h4 Kf6 47. Nf3 Nc5 48. Ng5 Bc8 49. Nh7+ Kg7 50. Ng5 Nd3+ 51. Ke3 Ne5 52. Kf4 Ng4 53. Ne4 Nf6 54. Nd6 Bd7 55. Kg5 Nh7+ 56. Kf4 Nf6 57. Kg5 Bc6 58. Nc4 Ne4+ 59. Kf4 Kf6 60. Ne5 Bd5 1/2-1/2